000 00509 a2200181 4500
003 OSt
005 20231018163056.0
008 160518b xxu||||| |||| 00| 0 eng d
020 _a0
040 _c0
082 _a327.01
_bVIO
100 _aPAUL R. VIOTTI
_9118508
110 _aMARK V. KAUPPI
_9118509
245 _aINTERNATIONAL RELATIONS AND WORLD POLITICS
_cPAUL R. VIOTTI
260 _aISLAMABAD
_bNATIONAL BOOK FOUNDATION ISLAMABAD
_c2008
300 _a584 p.
_bHB
942 _aNBS
_cBK
_k327.01 VIO
_2ddc
999 _c343637
_d343637